The regularities of solid surface erosion and coating deposition using high-power pulsed beams of charged particles; Nuclear Instruments and Methods in Physics Research Section B: Beam Interactions with Materials and Atoms; Vol. 292

Dades bibliogràfiques
Parent link:Nuclear Instruments and Methods in Physics Research Section B: Beam Interactions with Materials and Atoms.— , 1986-
Vol. 292.— 2012.— [P. 34-39]
Autor principal: Bleykher (Bleicher) G. A. Galina Alekseevna
Autor corporatiu: Национальный исследовательский Томский политехнический университет (ТПУ) Физико-технический институт (ФТИ) Кафедра водородной энергетики и плазменных технологий (ВЭПТ)
Altres autors: Krivobokov V. P. Valery Pavlovich
Sumari:Title screen
This work presents a mathematical model of solid surface erosion. In this model, near-surface layers are heated to a very high temperature and can undergo phase transformations under irradiation by pulsed beams of charged particles with an initial energy of 10–1000 keV and a power density of 106–1010 W/cm2. The intensity and energy efficiency of substance removal obtained from the model have been analyzed. The method of calculating a coating deposition rate using similar beams is described, which enables prediction of the productivity and energy efficiency of the technology. The calculation data of some deposition parameters that characterize the abilities of modern pulsed charged-particle accelerators are presented.
Режим доступа: по договору с организацией-держателем ресурса
Idioma:anglès
Publicat: 2012
Matèries:
Accés en línia:http://www.sciencedirect.com/science/article/pii/S0168583X12006003
Format: MixedMaterials Electrònic Capítol de llibre
KOHA link:https://koha.lib.tpu.ru/cgi-bin/koha/opac-detail.pl?biblionumber=638452

MARC

LEADER 00000naa0a2200000 4500
001 638452
005 20250204093430.0
035 |a (RuTPU)RU\TPU\network\2803 
090 |a 638452 
100 |a 20150123d2012 k||y0rusy50 ba 
101 0 |a eng 
102 |a US 
135 |a drcn ---uucaa 
181 0 |a i  
182 0 |a b 
200 1 |a The regularities of solid surface erosion and coating deposition using high-power pulsed beams of charged particles  |f G. A. Bleykher (Bleicher), V. P. Krivobokov 
203 |a Text  |c electronic 
300 |a Title screen 
320 |a [References: p. 39 (17 tit.)] 
330 |a This work presents a mathematical model of solid surface erosion. In this model, near-surface layers are heated to a very high temperature and can undergo phase transformations under irradiation by pulsed beams of charged particles with an initial energy of 10–1000 keV and a power density of 106–1010 W/cm2. The intensity and energy efficiency of substance removal obtained from the model have been analyzed. The method of calculating a coating deposition rate using similar beams is described, which enables prediction of the productivity and energy efficiency of the technology. The calculation data of some deposition parameters that characterize the abilities of modern pulsed charged-particle accelerators are presented. 
333 |a Режим доступа: по договору с организацией-держателем ресурса 
461 |t Nuclear Instruments and Methods in Physics Research Section B: Beam Interactions with Materials and Atoms  |d 1986- 
463 |t Vol. 292  |v [P. 34-39]  |d 2012 
610 1 |a электронный ресурс 
610 1 |a труды учёных ТПУ 
610 1 |a charged-particle pulsed beams 
610 1 |a surface erosion 
610 1 |a evaporation 
610 1 |a coating deposition 
700 1 |a Bleykher (Bleicher)  |b G. A.  |c physicist  |c Professor of Tomsk Polytechnic University, Doctor of Physical and Mathematical Sciences  |f 1961-  |g Galina Alekseevna  |3 (RuTPU)RU\TPU\pers\31496  |9 15657 
701 1 |a Krivobokov  |b V. P.  |c Russian physicist  |c professor of Tomsk Polytechnic University (TPU), Doctor of Physical and Mathematical Sciences (DSc)  |f 1948-  |g Valery Pavlovich  |3 (RuTPU)RU\TPU\pers\30416  |9 14757 
712 0 2 |a Национальный исследовательский Томский политехнический университет (ТПУ)  |b Физико-технический институт (ФТИ)  |b Кафедра водородной энергетики и плазменных технологий (ВЭПТ)  |3 (RuTPU)RU\TPU\col\18735 
801 2 |a RU  |b 63413507  |c 20160312  |g RCR 
856 4 |u http://www.sciencedirect.com/science/article/pii/S0168583X12006003 
942 |c CF